| 000 | 00568cam a2200181 4500500 | ||
|---|---|---|---|
| 005 | 20260329002507.0 | ||
| 041 | _afre | ||
| 042 | _adc | ||
| 100 | 1 | 0 |
_aPortevin, Catherine _eauthor |
| 245 | 0 | 0 | _aBruno Latour, un antimoderne éclairé à Paris |
| 260 | _c2012. | ||
| 500 | _a88 | ||
| 690 | _aAnthropologie | ||
| 690 | _aBruno Latour | ||
| 690 | _aModernité | ||
| 786 | 0 | _nPhilosophie magazine | 63 | 10 | 2012-10-01 | p. 22-24 | 1951-1787 | |
| 856 | 4 | 1 | _uhttps://shs.cairn.info/magazine-philosophie-magazine-2012-10-page-22?lang=fr&redirect-ssocas=7080 |
| 999 |
_c1815542 _d1815542 |
||